000 00599nam a2200217Ia 4500
003 OSt
005 20221007083038.0
006 a|||||r|||| 00| 0
007 ta
008 221006b |||||||| |||| 00| 0 eng d
024 _a46,324
037 _cDissertations
040 _aFLL
_cFLL
_beng
041 _2eng
_aeng
100 _aGUPTA Ayesha
_9700176
245 0 _aRights of women living in relations in the nature of marriage - Legal and constitutional implications
260 _c2021
300 _axxxiv,124p.
_ccm.
942 _cDIS
_2CC
999 _c1168627
_d1168627